000 00456nam a2200181Ia 4500
001 14738
005 20260306164936.0
008 260306t2015||||xx |||||||||||||| ||spa||
041 _aESP
082 _a516.6
_bU61
100 _aGuzmán Martínez, Juan Pablo
_eAUT
245 0 _aCurso de geometría descriptiva:
_btrabajos finales
260 _c2015
300 _a79 páginas :
_c30 cm.
650 _aGEN
654 _aCMA
942 _cLIB
_dJUS
_fJUS
_2ddc
_n
999 _c14738
_d14738